| 000 | 00428 a2200169 4500 | ||
|---|---|---|---|
| 020 | _a0139777865 | ||
| 022 | _a9780139777868 | ||
| 082 | _a658.15 | ||
| 090 |
_c2553 _d2553 |
||
| 100 | _aHeizer, Jay | ||
| 245 |
_aPrinciples of Operations Management _cJay Heizer |
||
| 250 | _a3rd | ||
| 260 |
_aNew Jersey _bPrentice Hall International,Inc. _c1999 |
||
| 300 | _a682p | ||
| 500 | _aPaper cover | ||
| 942 |
_aNBS _cBK _k658.15 HEI |
||
| 999 |
_c345048 _d345048 |
||